10 Random Science Questions - Statistics

General Stats
  • This quiz has been taken 39 times
  • The average score is 6 of 10
Answer Stats
Question Answer % Correct
True or False: You can die laughing. True
92%
What animal is 30 times more likely to be struck by lightning than humans? Giraffes
87%
True or False: There's a planet mostly made of diamonds. True
82%
True or False: The Eiffel Tower shrinks in summer. False
71%
What country is the happiest on Earth? (Based on data from the World Happiness Report) Finland
68%
What mountain is taller than Mt. Everest? Mauna Loa
61%
Is water really wet? No
61%
What bird proposes with pebbles? Penguins
61%
What insect recognizes human facial features? Honey Bees
32%
What insect actually breaths through spiracles? Ants
21%
No matching quizzes found
Score Distribution
Percent of People with Each Score
Percentile by Number Answered
Your Score History
You have not taken this quiz